[Event "Salou op U2300 3rd"]
[Site "Salou"]
[Date "2018.04.29"]
[Round "3"]
[White "Meyssonnier, David"]
[Black "Sanges Montfort, Joan"]
[Result "1-0"]
[WhiteElo "1756"]
[BlackElo "1752"]
[PlyCount "99"]
[EventDate "2018.04.28"]
[EventType "swiss"]
[EventRounds "7"]
[EventCountry "ESP"]
[SourceTitle "CBM 184 Extra"]
[Source "ChessBase"]
[SourceDate "2018.06.28"]
[SourceVersion "1"]
[SourceVersionDate "2018.06.28"]
[SourceQuality "1"]

1. d4 Nf6 2. Bf4 g6 3. Nc3 Bg7 4. e4 d6 5. Qd2 0-0 6. 0-0-0 c6 7. Nf3 Bg4 8. Bh6 b5 9. Bd3 a5 10. h3 Be6 11. Bxg7 Kxg7 12. Ng5 Bc4 13. f4 Bxd3 14. Qxd3 h6 15. Nf3 b4 16. Ne2 d5 17. Ng3 dxe4 18. Nxe4 Nd5 19. Qd2 e6 20. Ne5 Nd7 21. Nxd7 Qxd7 22. Nc5 Qd6 23. h4 f6 24. Nd3 a4 25. h5 g5 26. fxg5 fxg5 27. Ne5 b3 28. a3 bxc2 29. Qxc2 Ne7 30. Ng6 Nf5 31. Nxf8 Rxf8 32. Rhf1 Rf6 33. Qc5 Qg3 34. Qxc6 Qg4 35. Qf3 Qh4 36. g4 Qh2 37. gxf5 exf5 38. Rd2 Qc7+ 39. Rc2 Qd7 40. Qd3 f4 41. Kb1 Qf7 42. Qh3 Rb6 43. Rfc1 Qd5 44. Rc7+ Kf6 45. Qd3 Qg8 46. R1c6+ Rxc6 47. Rxc6+ Kf7 48. Qf5+ Ke7 49. Rc7+ Kd6 50. Qe5# 1-0

[Event "Salou op U2300 3rd"]
[Site "Salou"]
[Date "2018.04.28"]
[Round "2"]
[White "Segura Riba, Josep Maria"]
[Black "Meyssonnier, David"]
[Result "0-1"]
[WhiteElo "1600"]
[BlackElo "1756"]
[PlyCount "56"]
[EventDate "2018.04.28"]
[EventType "swiss"]
[EventRounds "7"]
[EventCountry "ESP"]
[SourceTitle "CBM 184 Extra"]
[Source "ChessBase"]
[SourceDate "2018.06.28"]
[SourceVersion "1"]
[SourceVersionDate "2018.06.28"]
[SourceQuality "1"]

1. e4 e5 2. Nf3 Nc6 3. Bc4 Nf6 4. d3 Bc5 5. Bg5 h6 6. Bh4 d6 7. h3 Be6 8. Nbd2 Qe7 9. 0-0 0-0-0 10. c3 Rhg8 11. b4 g5 12. Bg3 Bb6 13. Bxe6+ fxe6 14. Nc4 h5 15. Nxb6+ cxb6 16. Qa4 g4 17. hxg4 hxg4 18. Nh4 Nh5 19. Qd1 Qg5 20. Qc1 Nf4 21. Qd1 Ne7 22. Qc2 Neg6 23. Nxg6 Rxg6 24. d4 Rh6 25. f3 Nh5 26. Qf2 Nxg3 27. Qxg3 Rdh8 28. Rad1 Qe3+ 0-1